| 000 | 01023nam a2200265Ia 4500 | ||
|---|---|---|---|
| 003 | OSt | ||
| 005 | 20220923211136.0 | ||
| 006 | a|||||r|||| 00| 0 | ||
| 007 | ta | ||
| 008 | 220922b |||||||| |||| 00| 0 hin d | ||
| 020 |
_a8185999104 (hbk) _c990 |
||
| 024 | _a237,247 | ||
| 037 |
_b407, 23/03/2009, Swaraj Prakashan _cTextual |
||
| 040 |
_aARTS _cARTS _bhin |
||
| 041 |
_2hin _ahin |
||
| 082 | _aO152,1M5:g(R5), L4;N9 | ||
| 100 | _aसुधीन्द्र कुमार | ||
| 245 | 0 | _aरीतिकालीन श्रृंगार भावना के स्त्रोत | |
| 246 | _aRītikālīn shrṛuangār bhāvanā ke strota | ||
| 260 |
_aनई दिल्ली _b स्वराज प्रकाशन _c1999 |
||
| 300 |
_a381पृ. _ccm. |
||
| 650 |
_aहिन्दी साहित्य _9156264 |
||
| 942 |
_hO152,1M5:g(R5), L4;N9 _cTEXL _2CC |
||
| 999 |
_c295860 _d295860 |
||